000 00319nam a2200109Ia 4500
008 180205s9999 xx 000 0 und d
020 _a9781138860780
100 _aCroucher, Stephen M.
245 _aGlobal perspective on intercultural communication /
260 _aNew york :
_broutledge
_c2017
300 _avi, 376 pages
999 _c354936
_d354936